<?xml version="1.0" encoding="UTF-8"?><?xml-stylesheet type="text/xsl" href="static/style.xsl"?><OAI-PMH xmlns="http://www.openarchives.org/OAI/2.0/" xmlns:xsi="http://www.w3.org/2001/XMLSchema-instance" xsi:schemaLocation="http://www.openarchives.org/OAI/2.0/ http://www.openarchives.org/OAI/2.0/OAI-PMH.xsd"><responseDate>2026-04-13T13:15:23Z</responseDate><request verb="GetRecord" identifier="oai:www.recercat.cat:2117/442655" metadataPrefix="marc">https://recercat.cat/oai/request</request><GetRecord><record><header><identifier>oai:recercat.cat:2117/442655</identifier><datestamp>2026-01-22T07:14:19Z</datestamp><setSpec>com_2072_1033</setSpec><setSpec>col_2072_452950</setSpec></header><metadata><record xmlns="http://www.loc.gov/MARC21/slim" xmlns:dcterms="http://purl.org/dc/terms/" xmlns:xsi="http://www.w3.org/2001/XMLSchema-instance" xmlns:doc="http://www.lyncode.com/xoai" xsi:schemaLocation="http://www.loc.gov/MARC21/slim http://www.loc.gov/standards/marcxml/schema/MARC21slim.xsd">
   <leader>00925njm 22002777a 4500</leader>
   <datafield ind2=" " ind1=" " tag="042">
      <subfield code="a">dc</subfield>
   </datafield>
   <datafield ind2=" " ind1=" " tag="720">
      <subfield code="a">Sarabia, David</subfield>
      <subfield code="e">author</subfield>
   </datafield>
   <datafield ind2=" " ind1=" " tag="720">
      <subfield code="a">Gimenez Anton, Sergio</subfield>
      <subfield code="e">author</subfield>
   </datafield>
   <datafield ind2=" " ind1=" " tag="720">
      <subfield code="a">Liatifis, Athanasios</subfield>
      <subfield code="e">author</subfield>
   </datafield>
   <datafield ind2=" " ind1=" " tag="720">
      <subfield code="a">Grasa, Eduard</subfield>
      <subfield code="e">author</subfield>
   </datafield>
   <datafield ind2=" " ind1=" " tag="720">
      <subfield code="a">Catalán Cid, María Luisa</subfield>
      <subfield code="e">author</subfield>
   </datafield>
   <datafield ind2=" " ind1=" " tag="720">
      <subfield code="a">Pliatsios, Dimitrios</subfield>
      <subfield code="e">author</subfield>
   </datafield>
   <datafield ind2=" " ind1=" " tag="260">
      <subfield code="c">2024-03-09</subfield>
   </datafield>
   <datafield ind2=" " ind1=" " tag="520">
      <subfield code="a">Thousands of devices are connected to the Internet as part of the Internet of Things (IoT) ecosystems. The next generation of IoT networks is expected to support this growing number of Intelligent IoT devices and tactile Internet solutions to provide real-time applications. In view of this, IoT networks require innovative network architectures that offer scalability, security, and adaptability. The Recursive InterNetwork Architecture (RINA) is a clean slate network architecture that provides a scalable, secure, and flexible framework for interconnecting computers. SDN technology is becoming a de facto solution to overcome network requirements, making RINA adoption difficult. This paper presents an architecture for integrating RINA with SDN technologies to lower the barriers of adopting RINA in IoT environments. The architecture relies on a RINA-based distributed application facility (DAF), a RINA southbound driver (SBI), and the RINA L2VPN. The RINA-based DAF manages RINA nodes along the edge–fog–cloud continuum. The SBI driver SDN enables the hybrid centralized management of SDN switches and RINA nodes. Meanwhile, the RINA L2VPN allows seamless communication between edge nodes and the cloud to facilitate the data exchange between network functions (NFs). Such integration has enabled a progressive deployment of RINA in current IoT networks without affecting their operations and performance.</subfield>
   </datafield>
   <datafield ind2=" " ind1=" " tag="520">
      <subfield code="a">This research received funding from the Departament de Recerca de Universitats de la Generalitat de Catalunya under grant 2021 SGR 01524 and from the European Union’s “Horizon 2020” research and innovation program as a part of the TERMINET project under Grant Agreement nº 957406.</subfield>
   </datafield>
   <datafield ind2=" " ind1=" " tag="520">
      <subfield code="a">Postprint (published version)</subfield>
   </datafield>
   <datafield tag="653" ind2=" " ind1=" ">
      <subfield code="a">Àrees temàtiques de la UPC::Enginyeria de la telecomunicació::Telemàtica i xarxes d'ordinadors</subfield>
   </datafield>
   <datafield tag="653" ind2=" " ind1=" ">
      <subfield code="a">Edge computing</subfield>
   </datafield>
   <datafield tag="653" ind2=" " ind1=" ">
      <subfield code="a">IoT</subfield>
   </datafield>
   <datafield tag="653" ind2=" " ind1=" ">
      <subfield code="a">Future networks</subfield>
   </datafield>
   <datafield tag="653" ind2=" " ind1=" ">
      <subfield code="a">L2VPN</subfield>
   </datafield>
   <datafield tag="653" ind2=" " ind1=" ">
      <subfield code="a">NFV</subfield>
   </datafield>
   <datafield tag="653" ind2=" " ind1=" ">
      <subfield code="a">SDN</subfield>
   </datafield>
   <datafield tag="653" ind2=" " ind1=" ">
      <subfield code="a">RINA</subfield>
   </datafield>
   <datafield ind2="0" ind1="0" tag="245">
      <subfield code="a">Progressive adoption of RINA in IoT networks: enhancing scalability and network management via SDN integration</subfield>
   </datafield>
</record></metadata></record></GetRecord></OAI-PMH>